Responses for Show #4899 - Thursday, December 22, 2005

Contestants

[<< previous game]

Lisa Loiselle, an investigator and lawyer from Toronto, Ontario, Canada

Josh Yost, a student from Manchester, Kentucky

Jeff Lawrence, a limousine driver from Las Vegas, Nevada (whose 1-day cash winnings total $11,400)

[next game >>]

Jeopardy! Round responses

NATURAL BIOLOGY
MOVIE NEWCOMERS
DIVERSIONS
PEAKS & VALLEYS
AD HOCK
NATIONAL SPELLING BEE WINNING WORDS
(Alex: The kids had to spell the words for victory. You will have to spell them also.)
    $200 7
capillaries

Josh
    $200 1
Bruce Willis

Jeff
    $200 12
the bull's-eye

Josh
    $200 6
the Pyrenees

Josh
    $200 26
Alka-Seltzer

Jeff
    $200 17
S-E-M-A-P-H-O-R-E

Lisa
    $400 8
the crest

Triple Stumper
    $400 2
(Alex: That was a very young, but still very beautiful, [*].)

Kim Novak

Triple Stumper
    $400 13
Minesweeper

Josh
    $400 22
Antarctica

Lisa
    $400 27
Bounty

Josh
    $400 18
P-U-R-I-M

Triple Stumper
    $600 9
gestation

Lisa
    $600 3
the Gish sisters (Dorothy & Lillian)

Jeff
    $600 14
(Jeff: What are slots?)

baccarat

JeffJosh
    $600 23
Monument Valley

Jeff
    $600 28
Brylcreem

Jeff
    $600 19
N-A-R-C-O-L-E-P-S-Y

Lisa
    $800 10
claws (or pincers)

Josh
    $800 4
Leonardo DiCaprio

Jeff
    $800 15
Magic

Jeff
    $1,400 24
(Jeff: What is Jordan?)
(Alex: No. When you say sultan, the sultan of [*]. [*].)

Brunei

Jeff
    $800 29
Club Med

Lisa
    $800 20
M-I-L-I-E-U

Jeff
    $1000 11
bones

Lisa
    $1000 5
Danny Glover

Jeff
    $1000 16
Sudoku

Lisa
    $1000 25
Armenia

Triple Stumper
    $1000 30
Manwich

Josh
    $1000 21
(Jeff: A-N-T-E-D-E-L-I-U-V-I-A-N.)
(Alex: No. And you didn't phrase it in the form of a question.)

A-N-T-E-D-I-L-U-V-I-A-N

JeffLisa

Scores at the first commercial break (after clue 16):

Jeff Josh Lisa
$4,000 $1,200 $2,600

Scores at the end of the Jeopardy! Round:

Jeff Josh Lisa
$3,800 $2,600 $5,600

Double Jeopardy! Round responses

BRITISH POETS & POETRY
GEOGRAPHIC POP
I CHALLENGE YOU TO A DUEL!
(Alex: You have to tell us where is this seat of higher learning in...)
EDUCATIONAL "BURG"s
BELLY UP TO THE BAROQUE
REGIONALISMS
    $400 6
variety

Lisa
    $400 1
Kansas

Josh
    $400 17
Hyde Park

Josh
    $400 7
Johannesburg

Josh
    $400 21
Rembrandt

Triple Stumper
    $400 12
gallery

Triple Stumper
    $800 26
(Jeff: Who is Byron?)

Keats

Jeff
Triple Stumper
    $800 2
Chicago

Jeff
    $800 18
d'Artagnan

Josh
    $800 8
Williamsburg

Josh
    $800 22
Christopher Wren

Lisa
    $800 13
pot luck

Jeff
    $1,000 27
(Lisa: Who is Alfred, Lord Tennyson?)
(Alex: No, the poem was "Tintern Abbey", and [*] was the author.)

William Wordsworth

Lisa
    $1200 3
(Alex: Oh, they're still going strong, too. [*].)

Alabama

Triple Stumper
    $1200 19
Stephen Decatur

Triple Stumper
    $1,500 9
[ERRATUM: There is no University of Southern Florida; it's the University of South Florida.]

St. Petersburg

Josh
    $1200 23
Anthony van Dyck

Triple Stumper
    $1200 14
hopscotch

Lisa
    $1600 28
"The female of the species"

Jeff
    $1600 4
The New York Dolls

Jeff
    $1600 20
Ben Jonson

Triple Stumper
    $1600 10
Hattiesburg

Lisa
    $1600 24
(Jeff: Uh, Goya? Who is Goya?)

Rubens

JeffLisa
    $1600 15
(Lisa: What is soda?)

tonic

JeffLisa
    $2000 29
John Dryden

Triple Stumper
    $2000 5
The Ohio Players

Jeff
    $2000 30
(William) Pitt (the Younger)

Jeff
    $2000 11
(Josh: What is Spartanburg?)

Orangeburg

Josh
Triple Stumper
    $2000 25
Caravaggio

Triple Stumper
    $2000 16
fixin'

Josh

Scores at the end of the Double Jeopardy! Round:

Jeff Josh Lisa
$11,800 $6,900 $8,600

[wagering suggestions for these scores]

Final Jeopardy! Round responses

ANNUAL EVENTS
JoshWhat is Bastille Day
$400
LisaWhat is the Tour de France?
$4,400
JeffWhat is the Tour de France?
$3,000
the Tour de France

Final scores:

Jeff Josh Lisa
$14,800 $6,500 $13,000
2-day champion: $26,200 3rd place: $1,000 2nd place: $2,000

Game dynamics:

Coryat scores:

Jeff Josh Lisa
$13,200 $6,600 $9,600
17 R,
4 W
(including 1 DD)
14 R
(including 1 DD),
2 W
13 R,
2 W
(including 1 DD)

Combined Coryat: $29,400

[game clues] [game scores] [suggest correction]

Game tape date: 2005-10-17
The J! Archive is created by fans, for fans. Scraping, republication, monetization, and malicious use prohibited; this site may use cookies and collect identifying information. See terms. The Jeopardy! game show and all elements thereof, including but not limited to copyright and trademark thereto, are the property of Jeopardy Productions, Inc. and are protected under law. This website is not affiliated with, sponsored by, or operated by Jeopardy Productions, Inc. Join the discussion at JBoard.tv.